Facultad de Derecho – Universidad Nacional de Mar del Plata

La Cooperacion Academica y Cientifica entre italia y Argentina: (Record no. 5392)

MARC details
000 -CABECERA
campo de control de longitud fija 00574nam a22001457a 4500
020 ## - NUMERO INTERNACIONAL NORMALIZADO PARA LIBROS (ISBN)
International Standard Book Number 9788824324984
080 ## - NUMERO DE CLASIFICACION DECIMAL UNIVERSAL (CDU)
Número de la Clasificación Decimal Universal 378.1/14=(82):(45) N 821
100 ## - ASIENTO PRINCIPAL--NOMBRE PERSONAL
Nombre personal Norton, Laura Soledad
245 ## - MENCION DE TITULO
Título propiamente dicho La Cooperacion Academica y Cientifica entre italia y Argentina:
Parte restante del título El rol del Consorcio Interurniversitario italiano para Argentina (CUiA)
260 ## - PUBLICACION, DISTRIBUCION, ETC. (PIE DE IMPRENTA)
Lugar de publicación, distribución, etc. Buenos Aires- Roma
Nombre del editor, distribuidor, etc. Jovene Editore,
Fecha de publicación, distribución, etc. 2017
300 ## - DESCRIPCION FISICA
Extensión 108 P:
650 ## - ASIENTO SECUNDARIO DE MATERIA - TERMINO TEMATICO
Subdivisión general CUIA
-- cooperacion interurniversitaria
-- sistema universitario italiano
-- consorcio interurniversitario italiano
945 ## - INFORMACION DE PROCESAMIENTO LOCAL
Responsable de carga/modificación Celeste Delía
AAAA-MM-DD - Fecha de ingreso/modificación 2024-04-29
942 ## - ELEMENTOS AGREGADOS (KOHA)
Clasificación normalizada de Koha para alfabetizar _
Holdings
Retirado Perdido Fuente de clasificación Dañado No se presta Ubicación permanente Locación actual Estante o sala Fecha de adquisición Total préstamos Signatura topográfica Inventario Ultima fecha vista Fecha del precio Tipo de item de Koha
          Bib. Derecho Bib. Derecho Biblioteca Graduados 29/04/2024   378.1/14=(82):(45) N 821 302025 29/04/2024 29/04/2024 LIBRO (Consulta)

XHTML | CSS | ©Biblioteca Central - Dto. Tecnología de la Información - [ Con tecnología Koha ]